000 00715pam a2200253 a 4500
008
020 _a0273634356 (pbk)
049 _aMAIN
090 _aHF5811
_bILL
100 _aJefkins, Frank
245 0 _aAdvertising/
_cFrank Jefkins,revised and edited by Daniel Yadin.
250 _a4th ed.
260 _aHarlow :
_bPearson Education,
_c2000.
300 _axxi, 394 p.
_bill.
_c23 cm.
504 _aIncludes bibliographical references.
500 _aIncludes index.
650 _aAdvertising.
700 _aYadin, David.
907 _a.b10227131
_b08-06-17
_c25-01-07
003
005 20230123134342.0
040 _cNUST
942 _cBOOKS
_kHF5811
_mILL
999 _c164414
_d164414